Biblioteca y Centro de Documentación

Cross-country income mobility comparisons under panel attrition (Registro nro. 19963)

Detalles MARC
000 -CABECERA
Longitud fija campo de control 01554nam a2200445 c 4500
001 - NÚMERO DE CONTROL
Número de control 19963
003 - IDENTIFICADOR DE NÚMERO DE CONTROL
Identificador del número de control ES-MaCES
005 - FECHA Y HORA DE LA ÚLTIMA TRANSACCIÓN
Fecha y hora de la última transacción 20141221122633.0
008 - CAMPO FIJO DE DESCRIPCIÓN FIJA--INFORMACIÓN GENERAL
Códigos de información de longitud fija   070417s2006 sp t o000 | eng d
017 ## - NÚMERO DE REGISTRO DE DERECHOS DE AUTOR Y DEPÓSITO LEGAL
Número de copyright o de depósito legal M 23772-2001
Agencia que asigna el número DL
024 7# - OTROS IDENTIFICADORES
Número normalizado o código 602-06-006-5
Fuente del número o código nipo
035 ## - NÚMERO DE CONTROL DEL SISTEMA
Número de control del sistema CES20070004475m
040 ## - FUENTE DE CATALOGACIÓN
Centro catalogador de origen ES-MaCES
Lengua de catalogación spa
Centro transcriptor ES-MaCES
100 1# - ENCABEZAMIENTO PRINCIPAL--NOMBRE PERSONAL
Nombre de persona Ayala Cañón, Luis
9 (RLIN) 6777
245 10 - MENCIÓN DE TÍTULO
Título Cross-country income mobility comparisons under panel attrition
Resto del título : the relevance of weighting schemes
Mención de responsabilidad, etc. autores, Luis Ayala, Carolina Navarro, Mercedes Sastre
260 ## - PUBLICACIÓN, DISTRIBUCIÓN, ETC (PIE DE IMPRENTA)
Lugar de publicación, distribución, etc. [Madrid]
Nombre del editor, distribuidor, etc. Instituto de Estudios Fiscales
Fecha de publicación, distribución, etc. [2006]
300 ## - DESCRIPCIÓN FÍSICA
Extensión 60 p.
Dimensiones 21 cm
490 1# - MENCIÓN DE SERIE
Mención de serie Papeles de trabajo. Serie Economía
Designación de volumen o secuencia 19-06
500 ## - NOTA GENERAL
Nota general Resumen
504 ## - NOTA DE BIBLIOGRAFÍA, ETC.
Nota de bibliografía, etc. Bibliografía: p. 57-58
541 ## - NOTA DE LA FUENTE INMEDIANTE DE ADQUISICIÓN
Forma de adquisición Gratuito
650 #4 - ASIENTO SECUNDARIO DE MATERIA--TÉRMINO DE MATERIA
Término de materia o nombre geográfico como elemento inicial ingreso
9 (RLIN) 27108
650 #4 - ASIENTO SECUNDARIO DE MATERIA--TÉRMINO DE MATERIA
Término de materia o nombre geográfico como elemento inicial ingreso de los hogares
9 (RLIN) 30031
650 #4 - ASIENTO SECUNDARIO DE MATERIA--TÉRMINO DE MATERIA
Término de materia o nombre geográfico como elemento inicial indicador económico
9 (RLIN) 27073
650 #4 - ASIENTO SECUNDARIO DE MATERIA--TÉRMINO DE MATERIA
Término de materia o nombre geográfico como elemento inicial España
9 (RLIN) 26964
650 #4 - ASIENTO SECUNDARIO DE MATERIA--TÉRMINO DE MATERIA
Término de materia o nombre geográfico como elemento inicial Francia
9 (RLIN) 26943
650 #4 - ASIENTO SECUNDARIO DE MATERIA--TÉRMINO DE MATERIA
Término de materia o nombre geográfico como elemento inicial Reino Unido
9 (RLIN) 26967
650 #4 - ASIENTO SECUNDARIO DE MATERIA--TÉRMINO DE MATERIA
Término de materia o nombre geográfico como elemento inicial Alemania
9 (RLIN) 26944
650 #4 - ASIENTO SECUNDARIO DE MATERIA--TÉRMINO DE MATERIA
Término de materia o nombre geográfico como elemento inicial Italia
9 (RLIN) 26952
650 #4 - ASIENTO SECUNDARIO DE MATERIA--TÉRMINO DE MATERIA
Término de materia o nombre geográfico como elemento inicial comparación
9 (RLIN) 28892
650 #4 - ASIENTO SECUNDARIO DE MATERIA--TÉRMINO DE MATERIA
Término de materia o nombre geográfico como elemento inicial análisis económico
9 (RLIN) 27070
653 10 - TÉRMINO DE INDEXACIÓN--NO CONTROLADO
Término no controlado Condiciones económicas
700 1# - ENCABEZAMIENTO SECUNDARIO--NOMBRE PERSONAL
Nombre de persona Navarro, Carolina
9 (RLIN) 19511
700 1# - ENCABEZAMIENTO SECUNDARIO--NOMBRE PERSONAL
Nombre de persona Sastre, Mercedes
9 (RLIN) 23590
710 2# - ENCABEZAMIENTO SECUNDARIO--NOMBRE CORPORATIVO
Nombre de entidad o nombre de jurisdicción como elemento inicial Instituto de Estudios Fiscales (Madrid)
Término indicativo de función ed.
9 (RLIN) 4158
830 #0 - ENCABEZAMIENTO SECUNDARIO DE COLECCIÓN--TÍTULO UNIFORME
Título uniforme Papeles de trabajo (Instituto de Estudios Fiscales (Madrid))
Nombre de parte o sección de la obra Serie Economía
Designación de volumen o secuencia 19-06
9 (RLIN) 33525
902 ## - CES. TIPO DE DOCUMENTO
Tipodoc (006$c Sirtex) DOC Literatura gris
942 ## - ELEMENTOS KOHA
Fuente de clasificaión o esquema Clasificación propia del CES
Koha [por defecto] tipo de item Monografías
Parte de clasificación 0.0.
Existencias
Número de registro Signatura completa Tipo de item de Koha
067762 DOC-0.0.-553 Monografías
© CES, Consejo Económico y Social de España 2021